[Event "HCL-B3765"]
[Site "www.playchess.de"]
[Date "2006.01.26"]
[Round "21"]
[White "wshlj3"]
[Black "scaper"]
[WhiteElo "1204"]
[BlackElo "1324"]
[PlyCount "105"]
[Result "1-0"]

1.e4 c5 {hallo
}  2.Nf3 e6 3.d4 {Hello,have a nice game.}  cxd4 
4.Nxd4 Nf6 5.Nc3 Bb4 6.e5 Nd5 7.Bd2 Bxc3 8.bxc3 b6 
9.Bd3 Nc6 10.Nb5 Nxe5 11.Nd6+ Ke7 12.c4 Kxd6 
13.cxd5 exd5 14.Bf4 Re8 15.O-O g6 16.Re1 a5 17.Bb5 
Ba6 18.c4 Bb7 19.Qf3 Ra7 20.Rad1 d4 21.Rxd4+ Kc7 
22.Qg3 f6 23.Bxe5+ fxe5 24.Rxe5 Rxe5 25.Qxe5+ d6 
26.Qg7+ Kb8 27.Qxh7 Be4 28.Qh6 Qf6 29.Rd1 Re7 
30.h3 Bc2 31.Rd2 Re1+ 32.Kh2 Be4 33.h4 Kc7 34.f3 
Qe5+ 35.f4 Qe7 36.Qg5 Qe6 37.Qg3 Bb7 38.h5 gxh5 
39.f5 Qe5 40.Qxe5 Rxe5 41.Rf2 Bc6 42.Bxc6 Kxc6 
43.f6 Re8 44.Kg3 Kd7 45.f7 Rf8 46.Kh4 Ke7 47.Kxh5 
Rxf7 48.Rxf7+ Kxf7 49.g4 Kg7 50.g5 Kh7 51.g6+ Kg7 
52.Kg5 a4 {are u totally sure that u are winning? 
me i am sure for it! :-) so my congratulations, 
with my next moving i will resign. all the best to 
your other games. :)}  53.a3 1-0

[Event "HCL-B3771"]
[Site "www.playchess.de"]
[Date "2006.01.26"]
[Round "3"]
[White "dc"]
[Black "newplayer"]
[WhiteElo "892"]
[BlackElo "1113"]
[PlyCount "37"]
[Result "1-0"]

1.d4 {:-)}  d5 {hi again maybe i win this one}  
2.e4 dxe4 3.Be3 a6 4.Nc3 f5 5.d5 e6 6.Nh3 Bb4 
7.Qd4 Bxc3+ 8.Qxc3 Nf6 9.Bc4 exd5 10.Qe5+ Qe7 
11.Qf4 Nh5 12.Qg5 Qxg5 13.Nxg5 dxc4 14.O-O-O f4 
15.Bd4 Bg4 16.f3 exf3 17.Rhe1+ Kf8 18.Bc5+ Kg8 
19.Re8+ {~Nice game.}  1-0

[Event "HCL-C4010"]
[Site "www.playchess.de"]
[Date "2006.01.26"]
[Round "8"]
[White "maximo"]
[Black "arsenio"]
[WhiteElo "800"]
[BlackElo "1121"]
[PlyCount "28"]
[Result "0-1"]

1.Nc3 e6 2.Nb1 {me move in 1:00 to 1:00 hs}  d5 
3.c3 {http://www.kboing.com.br/minharadio.php?estacao=electric} 
 c5 4.Na3 {http://www.kboing.com.br/minharadio.php?estacao=electric} 
 Nc6 5.Qa4 {it will be that it does not have a 
skill of people if to connect to the site of 
twenty in twenty minutes, or we mark one day, to 
be connected the InterNet, to finish the first 
stage it match?}  Bd7 6.Nb5 Nf6 7.Nf3 Be7 8.Na3 
O-O 9.Ng5 h6 10.Nf3 {you}  Ne5 11.Nb5 a6 12.Na3 
Bxa4 {?}  13.d4 cxd4 14.Nxe5 dxc3 0-1

[Event "HCL-B3785"]
[Site "www.playchess.de"]
[Date "2006.01.26"]
[Round "8"]
[White "Snillie"]
[Black "ulibear"]
[WhiteElo "1467"]
[BlackElo "1302"]
[PlyCount "79"]
[Result "1/2-1/2"]

1.c4 e6 2.g3 d5 3.Bg2 Nf6 4.Nf3 dxc4 5.Qa4+ Nc6 
6.Qxc4 Qd5 7.Qxd5 Nxd5 8.Nc3 Nxc3 9.bxc3 Bd6 
10.O-O O-O 11.Rb1 Rb8 12.d3 Ne5 13.Be3 Nxf3+ 
14.Bxf3 b6 15.a4 Bb7 16.Bxb7 Rxb7 17.a5 c5 18.c4 
Rfb8 19.axb6 R7xb6 20.Rxb6 axb6 21.Ra1 Be5 22.Ra7 
g6 {(offering draw)}  23.Kg2 Kg7 24.Kf3 Kf6 25.Ke4 
Bd6 26.h4 Kg7 27.Bd2 Kf8 28.Bg5 Kg7 29.Rd7 h6 
30.Rxd6 hxg5 31.hxg5 Rb7 32.Ke5 b5 33.cxb5 Rxb5 
34.f4 c4+ 35.Ke4 cxd3 36.Rxd3 Rb7 37.g4 f5+ 
38.gxf5 exf5+ 39.Ke5 Re7+ 40.Kd6 {(offering draw)} 
 1/2-1/2

[Event "HCL-B3638"]
[Site "www.playchess.de"]
[Date "2006.01.26"]
[Round "13"]
[White "Regicide"]
[Black "Genesio"]
[WhiteElo "988"]
[BlackElo "1040"]
[PlyCount "70"]
[Result "0-1"]

1.e4 {We meet again}  c5 {to you...}  2.Qf3 e6 
3.e5 Nc6 4.Qe4 Qc7 5.Na3 Qxe5 6.Qxe5 Nxe5 7.Be2 
Be7 8.Nb5 Bd8 9.d3 Nf6 10.Nh3 O-O 11.Bg5 a6 12.Nd6 
Ba5+ 13.Bd2 Bxd2+ 14.Kxd2 b5 15.Rhb1 Rb8 16.b3 Rb6 
17.Nxc8 Rxc8 18.f4 Ng6 19.a4 b4 20.a5 Rd6 21.Bf3 
Nh4 22.Bb7 Re8 23.g3 Nf3+ 24.Bxf3 e5 25.Bb7 exf4 
26.Nxf4 Ng4 27.h4 h6 28.Nd5 Rde6 29.Nf4 R6e3 
30.Bxa6 Rxg3 31.Bb5 g5 32.hxg5 hxg5 33.Nh5 Rg2+ 
34.Kd1 Ne3+ 35.Kc1 Rxc2+ 0-1

[Event "HCL-B3778"]
[Site "www.playchess.de"]
[Date "2006.01.26"]
[Round "6"]
[White "M45"]
[Black "Kannsnich"]
[WhiteElo "1280"]
[BlackElo "1188"]
[PlyCount "87"]
[Result "1/2-1/2"]

1.f4 Nf6 2.b3 {Hi Kannsnich Hope you enjoy our 
game}  g6 {merry x-mas}  3.Bb2 Bg7 4.Nf3 {And many 
happy returns to you too.}  O-O 5.e3 Nc6 6.Bb5 d6 
7.Bxc6 bxc6 8.d3 Bg4 9.O-O Re8 10.h3 Bd7 11.c4 Nh5 
12.Bxg7 Kxg7 13.Qe1 Nf6 14.Nc3 Bf5 15.e4 Bd7 16.e5 
Ng8 17.Ne4 d5 18.Neg5 Bf5 19.Nxh7 Kxh7 20.Qh4+ Kg7 
21.Rad1 Nh6 22.g4 Bd7 23.Nd4 Rh8 24.Qg3 e6 25.Kh2 
Rh7 26.f5 exf5 27.gxf5 Ng8 28.e6 Be8 29.fxg6 fxg6 
30.Qe5+ Nf6 31.c5 Rh5 32.Qg3 Rb8 33.Rfg1 Qe7 
34.Nxc6 Bxc6 35.Qxg6+ Kh8 36.Rdf1 Rg8 37.Qf7 Qxf7 
38.exf7 Rf8 39.Rxf6 Bd7 40.Rg3 Rh7 41.Rgf3 Kg7 
42.R6f4 Kh8 43.R4f6 Kg7 44.R6f4 {(offering draw)} 
 1/2-1/2

[Event "HCL-E1511"]
[Site "www.playchess.de"]
[Date "2006.01.26"]
[Round "1"]
[White "Patkov"]
[Black "Toni76"]
[WhiteElo "2000"]
[BlackElo "1819"]
[PlyCount "47"]
[Result "1-0"]

1.d4 d5 2.c4 c6 3.Nf3 Nf6 4.Nc3 dxc4 5.a4 Bf5 6.e3 
e6 7.Ne5 Bb4 8.Nxc4 O-O 9.Bd3 Ne4 10.Qc2 Nxc3 
11.bxc3 Bxd3 12.Qxd3 Be7 13.e4 Nd7 14.O-O Nf6 
15.Rb1 b6 16.h3 c5 {merry christmas!}  17.Bg5 cxd4 
18.cxd4 h6 19.Bh4 Rc8 20.Rbd1 Qc7 21.Ne3 Qc6 22.d5 
exd5 23.e5 Qxa4 24.exf6 1-0

[Event "HCL-C4016"]
[Site "www.playchess.de"]
[Date "2006.01.26"]
[Round "20"]
[White "foxcar"]
[Black "newplayer"]
[WhiteElo "1202"]
[BlackElo "1085"]
[PlyCount "41"]
[Result "1-0"]

1.d4 {hi have a good game}  d5 {thanx you too}  
2.Bf4 h6 3.e3 g5 4.Bg3 h5 5.h4 g4 6.Bd3 Nh6 7.Be5 
f6 8.Bf4 Nf5 9.c3 Nc6 10.Bb5 a6 11.Bd3 Bh6 12.Ne2 
e5 13.dxe5 fxe5 14.Bxh6 Nxh6 15.Bg6+ Kf8 16.Bxh5 
Kg7 17.Ng3 Nf5 18.Qxg4+ Kf8 19.Qg6 Qe7 20.Nxf5 
Bxf5 21.Qxf5+ 1-0

[Event "HCL-E1528"]
[Site "www.playchess.de"]
[Date "2006.01.26"]
[Round "8"]
[White "baggur"]
[Black "badplayer"]
[WhiteElo "1660"]
[BlackElo "1579"]
[PlyCount "62"]
[Result "0-1"]

1.e4 {hello again}  c5 {Wish u a merry X'Mas & new 
year
}  2.Nf3 {Merry Christmas to you}  d6 3.d4 cxd4 
4.Nxd4 Nf6 5.Nc3 a6 6.Bg5 e6 7.f4 Be7 8.Qf3 Qc7 
9.O-O-O Nbd7 10.Bd3 Rb8 11.Rhe1 h6 12.Bxf6 Bxf6 
13.Nde2 b5 14.g4 Bb7 15.Qg3 Nc5 16.h4 Nxd3+ 
17.Qxd3 Bxh4 18.Reh1 Be7 19.f5 Rc8 20.fxe6 fxe6 
21.Nf4 Bg5 22.Nce2 e5 23.Kb1 exf4 24.c3 O-O 25.Nd4 
Rce8 26.Rhe1 Qe7 27.Nf5 Qxe4 28.Rxe4 Bxe4 29.Qxe4 
Rxe4 30.Nxd6 Rd8 31.Nxe4 Rxd1+ 0-1

[Event "HCL-M857"]
[Site "www.playchess.de"]
[Date "2006.01.26"]
[Round "5"]
[White "Duke01"]
[Black "dynachess"]
[WhiteElo "1680"]
[BlackElo "2206"]
[PlyCount "84"]
[Result "0-1"]

1.e4 e6 {hello from France. Have a good game}  
2.d4 c5 3.Nf3 cxd4 4.Nxd4 a6 5.Be2 Nf6 6.Bg5 Qa5+ 
7.Bd2 Qb6 8.Be3 Nxe4 9.Nb3 Qc7 10.O-O d5 11.N1d2 
Nf6 12.c3 Bd6 13.Bg5 Bxh2+ 14.Kh1 Be5 15.Nf3 Ne4 
16.Nbd4 Nxg5 17.Nxg5 Bf6 18.f4 h6 19.Nh3 Nc6 
20.Bg4 Nxd4 21.cxd4 Qb6 22.f5 h5 23.Bf3 Qxd4 
24.fxe6 Bxe6 25.Qxd4 Bxd4 26.Rad1 Bxb2 27.Bxd5 
Bxd5 28.Rxd5 Bf6 29.Re1+ Kf8 30.Rd7 b5 31.Rc1 Rh6 
32.Rcc7 Re8 33.Rdxf7+ Kg8 34.Rfd7 Re1+ 35.Ng1 Rg6 
36.Rc5 Rg4 37.Rxh5 Bd4 38.Rd8+ Kf7 39.Rxd4 Rxd4 
40.Kh2 Ra1 41.Nf3 Rd6 42.Rf5+ Rf6 0-1

[Event "HCL-A2456"]
[Site "www.playchess.de"]
[Date "2006.01.26"]
[Round "10"]
[White "saemi"]
[Black "mitke"]
[WhiteElo "1621"]
[BlackElo "1363"]
[PlyCount "78"]
[Result "0-1"]

1.e4 {Hi}  d6 {Hello froma Croatia}  2.d4 g6 3.Nc3 
Nf6 4.f4 Bg7 5.Nf3 O-O 6.e5 dxe5 7.fxe5 Nd5 8.Bc4 
c6 9.O-O Bg4 10.h3 Bxf3 11.Qxf3 e6 12.Ne4 Nb6 
13.Qc3 Nxc4 14.Qxc4 Nd7 15.Bg5 Qb6 16.b3 Nxe5 
17.Qc5 Nd7 18.Qxb6 Nxb6 19.Nd6 Bxd4+ 20.Kh1 Bxa1 
21.Rxa1 Rab8 22.Be7 Nd5 23.Bxf8 Kxf8 24.c4 Ke7 
25.cxd5 Kxd6 26.Rf1 f5 27.dxe6 Kxe6 28.g4 Rd8 
29.gxf5+ gxf5 30.Rf2 Rg8 31.Re2+ Kf6 32.Rd2 Rg7 
33.Rd6+ Ke5 34.Rh6 f4 35.Rh5+ Ke4 36.Rc5 f3 37.Rc1 
Kd3 38.Rg1 Rxg1+ 39.Kxg1 Ke2 0-1

[Event "HCL-C4117"]
[Site "www.playchess.de"]
[Date "2006.01.26"]
[Round "7"]
[White "pedro3000"]
[Black "EISBAER"]
[WhiteElo "800"]
[BlackElo "676"]
[PlyCount "69"]
[Result "1-0"]

1.d4 d5 2.Nf3 e6 3.g3 Nf6 4.Bg2 Bd6 5.O-O Nc6 
6.Bg5 h6 7.Bxf6 Qxf6 8.Nc3 O-O 9.e3 Bd7 10.Ne2 
Rae8 11.Nf4 Ne7 12.Re1 g5 13.Nh5 Qg6 14.Ne5 Bxe5 
15.dxe5 g4 16.Nf4 Qf5 17.h3 h5 18.e4 Qg5 19.exd5 
f5 20.dxe6 Bxe6 21.Nxe6 Rf7 22.Nxg5 Rg7 23.Bd5+ 
Nxd5 24.Qxd5+ Kh8 25.Nf7+ Kh7 26.e6 gxh3 27.Qxf5+ 
Kg8 28.Qxh5 Rh7 29.Nh6+ Kg7 30.Qg5+ Kf8 31.Qg8+ 
Ke7 32.Qxh7+ Kd6 33.Qd7+ Kc5 34.Re5+ Kb6 
35.Qb5+ 1-0

[Event "HCL-M878"]
[Site "www.playchess.de"]
[Date "2006.01.26"]
[Round "2"]
[White "Duffy"]
[Black "ZorMaster"]
[WhiteElo "1580"]
[BlackElo "1783"]
[PlyCount "52"]
[Result "1/2-1/2"]

1.d4 Nf6 2.c4 d5 3.Nc3 e6 4.e3 c6 5.Nf3 Be7 6.Bd3 
Nbd7 7.O-O dxc4 8.Bxc4 O-O 9.Qe2 b5 10.Bd3 b4 
11.Ne4 Nxe4 12.Bxe4 Bb7 13.b3 Nf6 14.Bc2 c5 15.Bb2 
Rc8 16.dxc5 Rxc5 17.Rad1 Qa5 18.Bb1 Rfc8 19.e4 Ba6 
20.Bd3 R5c2 21.Rd2 Rd8 22.Bxa6 Rdxd2 23.Nxd2 Qxa2 
24.Bxf6 Rxd2 25.Qb5 gxf6 26.Qb8+ Rd8 {(offering 
draw)}  1/2-1/2

[Event "HCL-B3810"]
[Site "www.playchess.de"]
[Date "2006.01.26"]
[Round "7"]
[White "Knedleckaman"]
[Black "dynamike"]
[WhiteElo "1692"]
[BlackElo "1463"]
[PlyCount "54"]
[Result "0-1"]

1.e4 c5 2.Nf3 e6 3.Be2 Nc6 4.c3 d5 5.exd5 exd5 
6.d4 h6 7.O-O Nf6 8.Be3 cxd4 9.Nxd4 Bd6 10.Bb5 Bd7 
11.Qa4 Qc7 12.Nd2 Bxh2+ 13.Kh1 Ng4 14.Rae1 O-O 
15.N2f3 Nxe3 16.Rxe3 Bf4 17.Re2 a6 18.Bxc6 bxc6 
19.Rfe1 c5 20.R2e7 Bxa4 21.Rxc7 Bxc7 22.Nf5 Rae8 
23.Ne7+ Kh8 24.Nxd5 Bb8 25.Nb6 Rxe1+ 26.Nxe1 Re8 
27.Nxa4 Rxe1+ 0-1

[Event "HCL-C4073"]
[Site "www.playchess.de"]
[Date "2006.01.26"]
[Round "1"]
[White "Henri"]
[Black "JULIUS"]
[WhiteElo "818"]
[BlackElo "897"]
[PlyCount "56"]
[Result "0-1"]

1.e4 {Bonjour et Bonne Partie}  e5 {Same for you 
!!!!!!   Thanks !!!}  2.Nf3 Nc6 3.Bc4 Nf6 4.d3 Bc5 
5.O-O O-O 6.Nc3 d6 7.a3 Bg4 8.b4 Bd4 9.Bb2 a6 
10.h3 Bxc3 11.Bxc3 Bxf3 12.Qxf3 Nd4 13.Bxd4 exd4 
14.Rac1 b5 15.Bb3 a5 16.bxa5 Rxa5 17.Rca1 Qb8 
18.g4 Nd7 19.h4 Ne5 20.Qf5 b4 21.axb4 Rxa1 22.Rxa1 
Qxb4 23.g5 Qc3 24.f4 Qxa1+ 25.Kg2 Nxd3 26.cxd3 
Qb2+ 27.Kf3 Qxb3 28.Ke2 Qc2+ 0-1

[Event "HCL-C4088"]
[Site "www.playchess.de"]
[Date "2006.01.26"]
[Round "9"]
[White "nico21"]
[Black "Huanchaco"]
[WhiteElo "1510"]
[BlackElo "1176"]
[PlyCount "41"]
[Result "1-0"]

1.e4 e5 2.Nf3 Nc6 3.Bb5 d6 4.O-O Bd7 5.Nc3 Nf6 
6.Re1 h6 7.h3 g5 8.d4 g4 9.Bxc6 bxc6 10.hxg4 Bxg4 
11.Qd3 Rg8 12.dxe5 Nh5 13.exd6 cxd6 14.e5 d5 
15.Nd4 Rg6 16.e6 Qf6 17.Nxc6 Bd6 18.Qxd5 Bh2+ 
19.Kxh2 Qh4+ 20.Kg1 Bxe6 21.Nd4 1-0

[Event "HCL-B3836"]
[Site "www.playchess.de"]
[Date "2006.01.26"]
[Round "6"]
[White "willi_weizenkeim"]
[Black "sundfar"]
[WhiteElo "1034"]
[BlackElo "1310"]
[PlyCount "52"]
[Result "0-1"]

1.c4 {good morning !}  e5 2.Nc3 Nf6 {good luck}  
3.e3 g6 4.Nf3 Nc6 5.Bd3 Bg7 6.O-O O-O 7.Qa4 d6 
8.b4 Bd7 9.b5 Ne7 10.Ne4 a6 11.Qb4 axb5 12.cxb5 
Nfd5 13.Qb3 f5 14.Nc3 Be6 15.Nxd5 Nxd5 16.Bc4 {be 
nice 2 me ! :-)}  c6 17.bxc6 bxc6 18.a4 e4 19.Nd4 
Bxd4 20.exd4 Rb8 21.Qg3 f4 22.Qa3 Qe7 23.f3 exf3 
24.Rxf3 Bg4 25.Bxd5+ cxd5 26.Rb3 
Qe1+ 0-1

[Event "HCL-B3760"]
[Site "www.playchess.de"]
[Date "2006.01.26"]
[Round "2"]
[White "Wilmy"]
[Black "GCP"]
[WhiteElo "1217"]
[BlackElo "1474"]
[PlyCount "70"]
[Result "0-1"]

1.e4 d6 {hi again, have a good game}  2.d4 {Hi 
too, good luck and much pleasure!}  Nf6 3.Nc3 g6 
4.Bg5 Bg7 5.Qd2 h6 6.Bf4 g5 7.Bg3 c6 8.Bc4 b5 
9.Bb3 b4 10.Nce2 Nxe4 11.Qxb4 Nxg3 12.hxg3 Na6 
13.Qa4 Qb6 14.O-O-O Bd7 15.Bc4 Nc7 16.Qa3 Be6 
17.Bd3 Rb8 18.c3 Kd7 19.Nf3 g4 20.Nd2 h5 21.Nf4 
Bd5 22.c4 Bxc4 23.Bxc4 Bxd4 24.Nb3 Bxf2 25.Rd3 e5 
26.Nxh5 d5 27.Nc5+ Bxc5 28.Qc3 Bd4 29.Qd2 dxc4 
30.Nf6+ Ke6 31.Rxh8 Qxb2+ 32.Qxb2 Bxb2+ 33.Kd1 
Rxh8 34.Rd2 c3 35.Rc2 Kxf6 0-1

[Event "HCL-B3847"]
[Site "www.playchess.de"]
[Date "2006.01.26"]
[Round "4"]
[White "xmen"]
[Black "nico21"]
[WhiteElo "1463"]
[BlackElo "1512"]
[PlyCount "58"]
[Result "0-1"]

1.e4 c5 2.Nf3 d6 3.Bc4 h6 4.d4 cxd4 5.Nxd4 e5 
6.Qf3 Nf6 7.Ne2 Qc7 8.Qb3 Nxe4 9.Bxf7+ Qxf7 
10.Qxf7+ Kxf7 11.Nbc3 Nxc3 12.Nxc3 Na6 13.O-O Bf5 
14.f4 e4 15.Be3 Nb4 16.Rac1 a6 17.a3 Nc6 18.Nd5 
Be7 19.h3 Bf6 20.g4 Be6 21.Nc7 Rac8 22.Nxe6 Kxe6 
23.c3 d5 24.g5 hxg5 25.fxg5 Rxh3 26.Bd2 Be7 27.Rf2 
Rf8 28.Rcf1 Rxf2 29.Rxf2 Bc5 0-1

[Event "HCL-B3638"]
[Site "www.playchess.de"]
[Date "2006.01.26"]
[Round "15"]
[White "JMD"]
[Black "Regicide"]
[WhiteElo "1375"]
[BlackElo "988"]
[PlyCount "67"]
[Result "1-0"]

1.d4 {hello regicide from Paris}  Nf6 {We beat you 
by 144 years here in London}  2.Bg5 {I was not 
born!}  Nd5 {Ego te absolvo - I did not hold you 
_personally_ responsible!}  3.e4 Nb4 4.a3 
{thanks!!!}  N4c6 5.Bb5 f6 6.Bh4 e5 7.Bxc6 Nxc6 
8.d5 Nd4 9.c3 Nb5 10.a4 Nd6 11.Nd2 g5 12.Qh5+ Nf7 
13.Bg3 d6 14.h3 Qe7 15.c4 Bd7 16.Qd1 h5 17.h4 g4 
18.f3 Rg8 19.f4 O-O-O 20.f5 Bh6 21.Ne2 Be3 22.Nf1 
Kb8 23.Nxe3 c5 24.Qd2 b6 25.b4 Rdc8 26.b5 a6 
27.bxa6 Ka7 28.a5 b5 29.cxb5 Bxb5 30.Qb2 Bxa6 
31.Qb6+ Ka8 32.Qxa6+ Kb8 33.Rb1+ Kc7 
34.Rb7+ 1-0

[Event "HCL-B3711"]
[Site "www.playchess.de"]
[Date "2006.01.26"]
[Round "9"]
[White "karpova"]
[Black "mel"]
[WhiteElo "1713"]
[BlackElo "1214"]
[PlyCount "51"]
[Result "1-0"]

1.e4 e5 2.Bc4 Bc5 3.Nf3 f6 4.O-O Ne7 5.c3 d5 
6.exd5 b6 7.d4 Bd6 8.dxe5 Bxe5 9.Nxe5 fxe5 10.Qh5+ 
Ng6 11.Re1 Nd7 12.Bg5 Nf6 13.Rxe5+ Kf8 14.Bxf6 
Qxf6 15.Re3 Ne7 16.Rf3 Nf5 17.Nd2 Qe5 18.Bd3 g6 
19.Qg5 Kg7 20.Re3 Qxd5 21.Bxf5 Qxf5 22.Re7+ Kf8 
23.Qe3 Bb7 24.Rxc7 Re8 25.Qh6+ Kg8 
26.Qg7+ 1-0

[Event "HCL-B3843"]
[Site "www.playchess.de"]
[Date "2006.01.26"]
[Round "3"]
[White "JohnnyCanuck"]
[Black "Skipper_Robert"]
[WhiteElo "1239"]
[BlackElo "1023"]
[PlyCount "61"]
[Result "1-0"]

1.e4 {Hello from Ottawa}  e5 {hello from Berlin}  
2.Nf3 d6 3.d4 f6 4.Nc3 Nc6 5.Bc4 Nge7 6.O-O a6 
7.a3 Bg4 8.Be3 Ng6 9.Be2 Be6 10.d5 Bd7 11.dxc6 
Bxc6 12.Bc4 b5 13.Bd5 Bxd5 14.Nxd5 Be7 15.Nxe7 
Qxe7 16.Qd5 O-O-O 17.Qa8+ Kd7 18.Qxa6 Rdb8 19.c4 
b4 20.Qa4+ Ke6 21.axb4 d5 22.Bc5 Qd8 23.cxd5+ Kf7 
24.Qc6 Ne7 25.Nxe5+ fxe5 26.Qe6+ Ke8 27.d6 cxd6 
28.Bxd6 Rb6 29.Rad1 Rf8 30.Qxe5 Rf7 
31.Bc7 1-0

[Event "HCL-B3847"]
[Site "www.playchess.de"]
[Date "2006.01.26"]
[Round "10"]
[White "nico21"]
[Black "Russ"]
[WhiteElo "1512"]
[BlackElo "1200"]
[PlyCount "81"]
[Result "1-0"]

1.e4 e5 {hallo}  2.Nf3 Nc6 3.Bb5 Bd6 4.O-O Nf6 
5.Re1 O-O 6.c3 a6 7.Ba4 b5 8.Bb3 Be7 9.d4 exd4 
10.cxd4 d5 11.e5 Ne4 12.Bc2 Ng5 13.Nxg5 Bxg5 
14.Qd3 g6 15.Bxg5 Qxg5 16.a3 Bf5 17.Qc3 Ne7 
18.Bxf5 Nxf5 19.g3 h5 20.f4 Qg4 21.Nd2 h4 22.Nf1 
hxg3 23.Nxg3 Nh4 24.Ref1 f6 25.Rad1 f5 26.Qb3 c6 
27.Rdc1 Rac8 28.Qe3 Qh3 29.Rc2 Kg7 30.e6 Rce8 
31.Qe5+ Rf6 32.Qc7+ Kf8 33.Qd6+ Re7 34.Qd8+ Re8 
35.Qxf6+ Kg8 36.Qf7+ Kh8 37.Qxe8+ Kg7 38.e7 g5 
39.Qf8+ Kh7 40.e8Q gxf4 41.Qfh8+ 1-0

[Event "HCL-A2396"]
[Site "www.playchess.de"]
[Date "2006.01.26"]
[Round "6"]
[White "kali"]
[Black "cocohubert"]
[WhiteElo "1338"]
[BlackElo "1349"]
[PlyCount "79"]
[Result "1-0"]

1.e4 c6 2.d4 d5 3.e5 e6 4.Nf3 Qa5+ 5.c3 c5 6.Bd2 
cxd4 7.cxd4 Bb4 8.Nc3 Qb6 9.Be2 Nc6 10.a3 Bxc3 
11.bxc3 Nge7 12.O-O Qc7 13.Rc1 O-O 14.c4 dxc4 
15.Rxc4 Qd7 16.Be3 Nf5 17.Qc2 Nce7 18.Rc1 Nd5 
19.Bd2 Nfe7 20.Bb4 Re8 21.Ng5 g6 22.h4 Nxb4 
23.Rxb4 a6 24.h5 Nc6 25.Rc4 Nxd4 26.Qe4 Nxe2+ 
27.Qxe2 Qe7 28.f4 Qxa3 29.hxg6 hxg6 30.R1c3 Qa5 
31.Qc2 Qd8 32.R4c7 Bd7 33.Rd3 Re7 34.Qc3 Qe8 
35.Rh3 Bc6 36.Rxe7 Qxe7 37.Rh8+ Kg7 38.Rxa8 Qc7 
{(offering draw)}  39.Qh3 {Sorry, no draw.}  Qb6+ 
40.Kh2 1-0

[Event "HCL-B3693"]
[Site "www.playchess.de"]
[Date "2006.01.26"]
[Round "17"]
[White "BOSSMIK"]
[Black "JMD"]
[WhiteElo "1269"]
[BlackElo "1371"]
[PlyCount "105"]
[Result "1/2-1/2"]

1.e4 e5 {hello from Paaris}  2.Nf3 Nf6 3.d3 Nc6 
4.c4 Bc5 5.h3 d6 6.Nc3 h6 7.a3 a5 8.Be3 Nd4 9.Nd2 
Bd7 10.Be2 O-O 11.O-O Nxe2+ 12.Qxe2 Qc8 13.Qf3 
Bxe3 14.Qxe3 c5 15.f4 exf4 16.Qxf4 Qd8 17.Qxd6 b6 
18.Nd5 Nxd5 19.cxd5 Bb5 20.Qxd8 Raxd8 21.Nc4 Bxc4 
22.dxc4 Rfe8 23.Rae1 Re5 24.Rf5 Rde8 25.Rxe5 Rxe5 
26.g4 Kf8 27.a4 g5 28.Kf2 Ke7 29.Ke3 f6 30.Rf1 Kf7 
31.Rf5 Ke7 32.Rxe5+ fxe5 33.Kf3 Kd6 34.Ke3 Ke7 
35.Kf3 Kf6 36.Kg3 Ke7 37.h4 Kd6 38.h5 Ke7 39.Kf3 
Kd6 40.Ke3 Kc7 41.Kd3 Kd6 42.Kc3 Kc7 43.b4 cxb4+ 
44.Kd3 Kd6 45.Kc2 Kc5 46.Kb3 Kd6 47.Kc2 Kc5 48.Kb3 
Kd6 49.Kc2 Kc5 50.Kb3 Kd6 51.Kc2 Kc5 52.Kb3 Kd6 
53.Kc2 {(offering draw)}  1/2-1/2

[Event "ACL-A646"]
[Site "www.playchess.de"]
[Date "2006.01.26"]
[Round "3"]
[White "SidPistol"]
[Black "shaon"]
[WhiteElo "1588"]
[BlackElo "1500"]
[PlyCount "69"]
[Result "1-0"]

1.d4 {Good game to you.}  g6 2.c4 Bg7 3.Nc3 b6 
4.e4 Bb7 5.Nf3 Nf6 6.d5 d6 7.Be2 O-O 8.O-O Nbd7 
9.Nd4 c5 10.Nc2 Re8 11.Bf4 e5 12.Bc1 Nb8 13.Qd3 
Na6 14.Bd2 Nb4 15.Nxb4 cxb4 16.Nd1 Rc8 17.Bxb4 Ba6 
18.Rc1 Bh6 19.Rc2 Nd7 20.Qa3 Bb7 21.Bxd6 Nc5 
22.Bxc5 Rxc5 23.Qxa7 Re7 24.b4 Rc8 25.Qa3 b5 26.c5 
Ra8 27.Qh3 Bg7 28.Bxb5 Rb8 29.d6 Re6 30.c6 Rxd6 
31.c7 Qc8 32.cxb8Q Qxb8 33.Nc3 {In chess when all 
is lost, it is honorable to resign rather than 
wasting time playing on.

Consider this a lesson for the future.}  Qd8 
34.Nd5 Bxd5 35.Rc8 1-0

[Event "ACL-A656"]
[Site "www.playchess.de"]
[Date "2006.01.26"]
[Round "3"]
[White "Rochade_III"]
[Black "M_L"]
[WhiteElo "1500"]
[BlackElo "1501"]
[PlyCount "46"]
[Result "0-1"]

1.e4 e5 2.Nf3 Nc6 3.Nc3 Nf6 4.Bb5 Bc5 5.O-O O-O 
6.a3 Nd4 7.Nxe5 c6 8.Bc4 d5 9.exd5 cxd5 10.Bb5 Qc7 
11.Re1 Bd6 12.Nf3 Bg4 13.h3 Bh2+ 14.Kf1 Nxf3 
15.gxf3 Bxh3+ 16.Ke2 Qe5+ 17.Kd3 Bf5+ 18.Ne4 dxe4+ 
19.fxe4 Nxe4 20.Qf3 Rfd8+ 21.Kc4 Be6+ 22.Kb4 a5+ 
23.Ka4 Nc5+ 0-1

[Event "HCL-A2569"]
[Site "www.playchess.de"]
[Date "2006.01.26"]
[Round "6"]
[White "Maahinen"]
[Black "zemljanin"]
[WhiteElo "1691"]
[BlackElo "1415"]
[PlyCount "41"]
[Result "1-0"]

1.d4 {good luck from ottawa canada}  d5 {hi to you 
too}  2.c4 Nf6 3.Nc3 e6 4.cxd5 exd5 5.Bg5 Bb4 6.e3 
Bxc3+ 7.bxc3 O-O 8.Bd3 h6 9.Bh4 Qd6 10.Ne2 Bg4 
11.O-O c6 12.f3 Bh5 13.e4 dxe4 14.fxe4 Ng4 15.e5 
Qd7 16.Nf4 Ne3 17.Qxh5 Nxf1 18.Rxf1 Na6 19.e6 Qd6 
20.Qf5 g6 21.Qf6 1-0

[Event "HCL-E1559"]
[Site "www.playchess.de"]
[Date "2006.01.26"]
[Round "5"]
[White "hal1958"]
[Black "Matu"]
[WhiteElo "1444"]
[BlackElo "1564"]
[PlyCount "56"]
[Result "0-1"]

1.b4 {have a nice game}  c6 2.Bb2 Nf6 {hi and good 
luck}  3.e3 d5 4.Nf3 Bg4 5.Be2 e6 6.O-O Bd6 7.a3 
Nbd7 8.d3 O-O 9.c4 Rc8 10.c5 Bb8 11.h3 Bh5 12.Nbd2 
Qc7 13.g3 Bg6 14.Nh4 h6 15.Nxg6 fxg6 16.Bg4 Rce8 
17.Nb3 e5 18.Nd2 h5 19.Bf3 h4 20.Bg2 hxg3 21.fxg3 
e4 22.Bxf6 Nxf6 23.dxe4 Qxg3 24.exd5 Qh2+ 25.Kf2 
Nxd5+ 26.Nf3 Bg3+ 27.Ke2 Qxg2+ 28.Kd3 
Rxe3+ 0-1

[Event "HCL-E1551"]
[Site "www.playchess.de"]
[Date "2006.01.26"]
[Round "6"]
[White "aadje"]
[Black "Nobleman"]
[WhiteElo "1850"]
[BlackElo "1251"]
[PlyCount "21"]
[Result "1-0"]

1.d4 {Greetings and best of luck}  d5 2.c4 dxc4 
3.Nf3 Bd7 4.e4 e6 5.Bxc4 Nf6 6.Nc3 Bb4 7.Qc2 Bxc3+ 
8.bxc3 O-O 9.e5 Nd5 10.Ng5 h6 11.Qh7+ {gg} 
 1-0

[Event "HCL-A2556"]
[Site "www.playchess.de"]
[Date "2006.01.26"]
[Round "13"]
[White "Andy1"]
[Black "hal1958"]
[WhiteElo "1446"]
[BlackElo "1477"]
[PlyCount "109"]
[Result "1-0"]

1.e4 e5 2.Nf3 d6 3.d4 Nf6 4.Nc3 Bg4 5.Be2 h6 6.h3 
Bxf3 7.Bxf3 Nbd7 8.O-O Be7 9.Re1 O-O 10.a3 c6 
11.d5 Nb6 12.b3 cxd5 13.Nxd5 Nbxd5 14.exd5 Rc8 
15.c4 Nd7 16.Be3 b6 17.Qd2 Kh7 18.Be4+ Kg8 19.f4 
Bf6 20.Rac1 Nc5 21.Bc2 Re8 22.g3 exf4 23.Bxf4 Qd7 
24.Kh2 a5 25.b4 Nb7 26.Qd3 g6 27.Bxh6 Rxe1 28.Rxe1 
Re8 29.Rxe8+ Qxe8 30.Qe3 Qxe3 31.Bxe3 axb4 32.axb4 
Bc3 33.Bxb6 Bxb4 34.h4 Nc5 35.Kh3 Nd7 36.Bd4 Kf8 
37.g4 Ke7 38.h5 gxh5 39.gxh5 f6 40.h6 Kf7 41.Kh4 
Ne5 42.Kh5 Bd2 43.Bf5 Kg8 44.c5 dxc5 45.Bxc5 Bc3 
46.d6 Ba5 47.Ba7 Nc6 48.Bf2 Bb4 49.Bh4 Bc3 50.d7 
Be5 51.Be4 Nd8 52.Kg6 Kh8 53.Bxf6+ Bxf6 54.Kxf6 
Nf7 55.Ke7 1-0

[Event "HCL-B3775"]
[Site "www.playchess.de"]
[Date "2006.01.26"]
[Round "21"]
[White "Rochade_III"]
[Black "Regicide"]
[WhiteElo "646"]
[BlackElo "986"]
[PlyCount "69"]
[Result "1-0"]

1.e4 d5 2.Nc3 d4 3.Nd5 Nh6 4.Nf3 e6 5.Nf4 Qd6 
6.Bb5+ Bd7 7.Bxd7+ Nxd7 8.O-O Qxf4 9.d3 Qd6 10.b3 
Ne5 11.Bf4 f6 12.Bxe5 fxe5 13.Ng5 O-O-O 14.Qh5 g6 
15.Qh3 Re8 16.Rac1 Qc6 17.f4 exf4 18.Rxf4 Bg7 
19.a4 Qd6 20.Rcf1 Kb8 21.Qg3 Qc5 22.R1f2 Qc3 
23.Qh3 Qa1+ 24.R2f1 Qb2 25.Nxe6 Be5 26.R4f2 Nf7 
27.R2xf7 Qxc2 28.Rxh7 Qxb3 29.Nc5 Qb4 30.Nd7+ Ka8 
31.Nxe5 Qxa4 32.Rxh8 b6 33.Rxe8+ Qxe8 34.Nxg6 Qxg6 
35.Qc8+ 1-0

[Event "HCL-A2556"]
[Site "www.playchess.de"]
[Date "2006.01.26"]
[Round "12"]
[White "hal1958"]
[Black "Serger"]
[WhiteElo "1477"]
[BlackElo "1355"]
[PlyCount "63"]
[Result "1-0"]

1.b4 {have a nice game}  e5 {Good luck!}  2.Bb2 d5 
3.Bxe5 Nc6 4.Bb2 Nf6 5.a3 a6 6.e3 Be7 7.Nf3 O-O 
8.c4 Be6 9.c5 h6 10.Be2 b6 11.d4 Ne4 12.O-O Bf6 
13.Nbd2 Ne7 14.h3 Rb8 15.cxb6 cxb6 16.Rc1 a5 
17.Nxe4 dxe4 18.Nd2 Bf5 19.Bg4 Bxg4 20.Qxg4 Nd5 
21.Nxe4 axb4 22.axb4 Nxb4 23.Ba3 Be7 24.Rc4 Nd5 
25.Bxe7 Qxe7 26.Rfc1 h5 27.Qf3 Rfe8 28.Ng3 Nf6 
29.Nxh5 Nxh5 30.Qxh5 b5 31.R4c7 Qf6 
32.R1c6 1-0